Rǧimen jurd̕ico de la comarca en el sistema autonm̤ico espaǫl

Bibliographic Details
Main Author: Ferreira Fernǹdez, Antonio Javier
Format: Unknown
Language:Spanish
Published: Barcelona : Cedecs, 1999
Series:Derecho administrativo (Cedecs)
Subjects:
Online Access:Acceso restringido

MARC

LEADER 00000ny a22000003n 4500
005 20110616105234.0
008 030122s1999 sp 000 0 spa d
017 |a D.L.B11426-99 
020 |a 9788495027559 
035 |a 3320 
040 |a ES-OvBU  |d vLex 
080 |a 353.5(460) 
090 |c 750  |d 750 
100 1 |a Ferreira Fernǹdez, Antonio Javier 
245 1 0 |a Rǧimen jurd̕ico de la comarca en el sistema autonm̤ico espaǫl  |h [Recurso electrn̤ico]  |c Antonio Javier Ferreira Fernǹdez 
256 |a Servicio en ln̕ea 
260 |a Barcelona :  |b Cedecs,  |c 1999 
300 |a 331 p. ;  |c 24 cm 
490 1 |a Derecho administrativo 
506 1 |a Contenido solo disponible en los productos indicados  |d vLex Global  |d vLex Global (Academic Edition, excluding Law Schools)  |d vLex Global (U.S. Academic Edition, Law Schools)  |d vLex Global (U.S. Academic Edition, excluding Law Schools)  |d vLex Global (Academic Edition, Law Schools) 
650 0 7 |2 Tesauro vLex  |a Administrativo 
650 0 7 |2 Tesauro vLex  |a Comarcas 
650 0 7 |2 Tesauro vLex  |a Administracin̤ local 
651 4 |a Espaą  |x Divisiones polt̕icas y administrativas 
740 0 |a vLex Libros (Servicios en ln̕ea) 
830 0 |a Derecho administrativo (Cedecs) 
856 4 0 |z Acceso restringido  |u http://vlex.com/source/3320 
942 |c BOOK 
999 0 |a Management  |b Barcelona